000 00372nam a2200157Ia 4500
003 Ost
005 20260225132538.0
008 260225s9999||||xx |||||||||||||| ||und||
040 _cfsic
041 _afre
082 _a70.43
100 _aNasra al sadoun
_eAuteur
245 0 _aLe bateau des femmes arabes pour la paix /
245 0 _cNasra al sadoun
942 _cكتاب
999 _c33352
_d33352